000 00258nam a22001217a 4500
008 181015b xxu||||| |||| 00| 0 eng d
041 _aeng
080 _a316
100 _a50
101 _aSOC
245 _aThe Enduring South
_cYoder,E,M
942 _2udc
_cBK
999 _c49708
_d49708